[Event "C.to Provinciale PD"]
[Site "Padova ITA"]
[Date "1998.??.??"]
[Round "5"]
[White "Molena, Paolo"]
[Black "Favale, Giuseppe"]
[Result "1-0"]
[WhiteElo "1507"]
[BlackElo "1400"]
[PlyCount "95"]
[EventDate "1998.??.??"]

1. b4 e6 2. Bb2 Nf6 3. a3 d5 4. e3 c5 5. bxc5 Bxc5 6. c4 O-O 7. cxd5 Nxd5 8.
Nf3 Nc6 9. Nc3 Nxc3 10. Bxc3 b6 11. Be2 a5 12. O-O Ba6 13. d4 Bxe2 14. Qxe2 Be7
15. Rfb1 Rb8 16. Qb5 Na7 17. Qa6 Qc7 18. Be1 Nc6 19. Rc1 Qa7 20. Qb5 Nd8 21.
Ne5 Rb7 22. Rc8 f6 23. Nc6 Nxc6 24. Rxf8+ Kxf8 25. Qxc6 Kf7 26. d5 exd5 27.
Qxd5+ Kf8 28. Rd1 Rc7 29. a4 Qb7 30. Qxb7 Rxb7 31. Rb1 Bc5 32. Bxa5 Ra7 33.
Bxb6 Bxb6 34. Rxb6 Rxa4 35. g3 h5 36. h4 Re4 37. Rb7 Re7 38. Rb8+ Re8 39. Rb5
Re5 40. Rxe5 fxe5 41. Kg2 Kf7 42. Kf3 Kf6 43. g4 g6 44. gxh5 gxh5 45. Ke4 Ke6
46. f4 exf4 47. Kxf4 Kf6 48. e4 1-0

[Event "C.to Provinciale PD"]
[Site "Padova ITA"]
[Date "1998.??.??"]
[Round "5"]
[White "Palmieri, Vincenzo"]
[Black "Porcelli, Domenico"]
[Result "1-0"]
[WhiteElo "1300"]
[BlackElo "1400"]
[PlyCount "43"]
[EventDate "1998.??.??"]

1. e4 d5 2. exd5 Qxd5 3. Nc3 Qa5 4. Nf3 Bg4 5. Bb5+ c6 6. Bc4 Nf6 7. d4 Ne4 8.
Bd2 Nxd2 9. Qxd2 Bxf3 10. gxf3 e6 11. Rg1 Qh5 12. Qf4 Be7 13. Rxg7 Kf8 14. Rg4
f5 15. O-O-O Ke8 16. Rg2 Kd7 17. Kb1 Qf7 18. Rdg1 Na6 19. a3 Nc7 20. Na4 b5 21.
Nc5+ Bxc5 22. Rg7 1-0

[Event "C.to Provinciale PD"]
[Site "Padova ITA"]
[Date "1998.??.??"]
[Round "5"]
[White "Quaranta, Cristiano"]
[Black "Marcuzzo, Giorgio"]
[Result "0-1"]
[WhiteElo "1500"]
[BlackElo "1531"]
[PlyCount "56"]
[EventDate "1998.??.??"]

1. e4 e5 2. Nf3 Nc6 3. Bc4 Nf6 4. Ng5 d5 5. exd5 b5 6. Bxb5 Qxd5 7. Bxc6+ Qxc6
8. O-O Bb7 9. Nf3 Bc5 10. d3 O-O 11. Nc3 Rad8 12. Bg5 Kh8 13. Re1 e4 14. Nxe4
Nxe4 15. Rxe4 f6 16. Bf4 g5 17. Bd2 f5 18. Re2 g4 19. Ne1 f4 20. Re4 g3 21.
Bc3+ Kg8 22. Qg4+ Qg6 23. Rxf4 gxf2+ 24. Kf1 Rxf4 25. Qxf4 fxe1=Q+ 26. Kxe1
Re8+ 27. Kd1 Qh5+ 28. Kc1 Be3+ 0-1

[Event "C.to Provinciale PD"]
[Site "Padova ITA"]
[Date "1998.??.??"]
[Round "5"]
[White "Quaranta, Gaetano"]
[Black "Tessari, Gianni"]
[Result "0-1"]
[WhiteElo "1522"]
[BlackElo "1400"]
[PlyCount "146"]
[EventDate "1998.??.??"]

1. e4 a6 2. d4 e6 3. Nc3 b5 4. a3 Bb7 5. Nf3 Be7 6. Bd3 Nf6 7. e5 Nd5 8. Nxd5
Bxd5 9. Be3 d6 10. O-O Nd7 11. Bf4 dxe5 12. dxe5 Nc5 13. Rc1 Rc8 14. Re1 Na4
15. b4 Nc3 16. Qd2 Bxf3 17. Qxc3 Bg5 18. Bxb5+ axb5 19. Qxf3 Bxf4 20. Qxf4 O-O
21. Rcd1 Qe7 22. Rd2 Rfd8 23. Red1 Rxd2 24. Qxd2 Kf8 25. Qd7 Qxd7 26. Rxd7 Ke8
27. Rd2 c5 28. c3 cxb4 29. axb4 Rxc3 30. g3 Rc4 31. Rb2 Kd7 32. f4 Kc6 33. Kf2
Kd5 34. Ke3 Rc3+ 35. Kd2 Kc4 36. Ra2 Rd3+ 37. Ke2 Rd7 38. Rb2 Kc3 39. Rb1 Kc2
40. Ra1 Kb2 41. Ra5 Rb7 42. Ra8 Kc3 43. Rg8 g6 44. g4 Kxb4 45. Rg7 Kc3 46. f5
gxf5 47. gxf5 exf5 48. e6 Re7 49. Rxf7 Rxe6+ 50. Kd1 Rh6 51. Rxf5 b4 52. Rf3+
Kb2 53. Rf2+ Kb1 54. Kd2 Rd6+ 55. Ke3 b3 56. Rf7 Rh6 57. Rf1+ Ka2 58. Rf2+ b2
59. Kd3 Rc6 60. Kd4 Ka1 61. Kd5 Rc1 62. Rxb2 Kxb2 63. Ke4 Rh1 64. Kf5 Rxh2 65.
Kg5 Kc3 66. Kg4 Kd4 67. Kg3 Rh6 68. Kf4 Ra6 69. Kf5 Ke3 70. Kg4 Kf2 71. Kg5 Kg3
72. Kh5 Kf4 73. Kh4 Rh6# 0-1

[Event "C.to Provinciale PD"]
[Site "Padova ITA"]
[Date "1998.??.??"]
[Round "5"]
[White "Sanavio, Giancarlo"]
[Black "Salata, Alessio"]
[Result "1-0"]
[WhiteElo "1600"]
[BlackElo "1567"]
[PlyCount "65"]
[EventDate "1998.??.??"]

1. Nf3 f5 2. g3 e6 3. Bg2 Nf6 4. d3 d5 5. Nbd2 Be7 6. c4 c6 7. O-O O-O 8. Ne5
Nbd7 9. Ndf3 Qc7 10. Bf4 Nxe5 11. Nxe5 Bd6 12. d4 dxc4 13. Rc1 Nd5 14. Rxc4
Nxf4 15. gxf4 Bd7 16. Rc3 Rf6 17. Rg3 Rh6 18. e4 Qd8 19. exf5 exf5 20. Qb3+ Be6
21. Qxb7 Bxe5 22. dxe5 Qf8 23. Rd1 Bd5 24. Bxd5+ cxd5 25. Rxd5 Rb6 26. Qc7 g6
27. Rh3 h5 28. Rhd3 Rbb8 29. e6 Rc8 30. Qe5 Rc1+ 31. Kg2 Qe7 32. Rd7 Qf8 33. e7
1-0

[Event "C.to Provinciale PD"]
[Site "Padova ITA"]
[Date "1998.??.??"]
[Round "5"]
[White "Spinoso, Giovanni"]
[Black "Flora, Vincenzo"]
[Result "1/2-1/2"]
[WhiteElo "1400"]
[BlackElo "1500"]
[PlyCount "88"]
[EventDate "1998.??.??"]

1. d4 Nf6 2. c4 e6 3. Nc3 d5 4. Bg5 Bb4 5. Qc2 c5 6. e3 dxc4 7. dxc5 Bxc5 8.
Bxc4 O-O 9. Nf3 Nbd7 10. Rd1 Qc7 11. O-O Bxe3 12. Bxe3 Qxc4 13. Rd4 Qc6 14.
Rfd1 Nd5 15. Ng5 N7f6 16. Rh4 Nxe3 17. fxe3 h6 18. Nf3 Nd5 19. Qd2 Nxc3 20.
bxc3 b6 21. Qc2 Bb7 22. Kf2 Rfd8 23. Rhd4 Rxd4 24. exd4 Rc8 25. Rc1 Qe4 26.
Qxe4 Bxe4 27. Ne5 f6 28. Ng4 Bd5 29. a3 Kf7 30. g3 Ke7 31. Ke3 a5 32. h4 b5 33.
Kd2 Rc4 34. Rb1 Ra4 35. Rxb5 Rxa3 36. Ne3 Be4 37. Nc4 Ra2+ 38. Ke3 Bd5 39. Nxa5
Rg2 40. Kf4 g5+ 41. hxg5 hxg5+ 42. Kg4 f5+ 43. Kh3 g4+ 44. Kh4 Kf6 1/2-1/2

[Event "C.to Provinciale PD"]
[Site "Padova ITA"]
[Date "1998.??.??"]
[Round "5"]
[White "Tresin, Ardilio"]
[Black "Navarro, Tommaso"]
[Result "0-1"]
[WhiteElo "1500"]
[BlackElo "1300"]
[PlyCount "94"]
[EventDate "1998.??.??"]

1. d4 d5 2. Nf3 Bf5 3. e3 Nc6 4. Bd3 Bxd3 5. cxd3 e6 6. O-O Bd6 7. Nc3 Nf6 8.
Nb5 O-O 9. Nxd6 Qxd6 10. a3 e5 11. dxe5 Nxe5 12. Nxe5 Qxe5 13. d4 Qd6 14. Bd2
b6 15. Rc1 Rac8 16. b4 a6 17. h3 b5 18. Qc2 c6 19. Qc5 Qxc5 20. bxc5 Ne4 21.
Ba5 f5 22. f3 Ng3 23. Rf2 f4 24. Bd2 Rfe8 25. Re1 Nf5 26. Rfe2 Ng3 27. Rf2 Nf5
28. Rfe2 Re7 29. exf4 Rxe2 30. Rxe2 Nxd4 31. Re7 Nb3 32. Bc3 d4 33. Bb4 d3 34.
Rd7 Nc1 35. Bc3 Ne2+ 36. Kf2 Nxc3 37. Rxd3 Na4 38. g4 Nxc5 39. Rd6 Nb7 40. Rd7
Na5 41. g5 c5 42. Ke2 c4 43. Kd2 c3+ 44. Kc2 Nc6 45. Rb7 Nd4+ 46. Kc1 c2 47.
Re7 Nb3+ 0-1

[Event "C.to Provinciale PD"]
[Site "Padova ITA"]
[Date "1998.??.??"]
[Round "5"]
[White "Zotti, Enrico"]
[Black "Santi, Lorenzo"]
[Result "1-0"]
[WhiteElo "1719"]
[BlackElo "1600"]
[PlyCount "61"]
[EventDate "1998.??.??"]

1. e4 e5 2. Nf3 Nc6 3. Bb5 d6 4. d4 Bd7 5. Nc3 exd4 6. Nxd4 g6 7. O-O Bg7 8.
Be3 Nge7 9. f4 a6 10. Bxc6 Nxc6 11. Nf3 Bg4 12. Qd2 O-O 13. h3 Be6 14. Rad1 f5
15. Ng5 Bc4 16. Rf2 h6 17. Nf3 Be6 18. b3 Bxc3 19. Qxc3 fxe4 20. Nd2 d5 21.
Nxe4 Bf5 22. Ng3 Ne7 23. Bc5 c6 24. Re1 Rf7 25. Rfe2 Be4 26. Nxe4 dxe4 27. Rxe4
Nd5 28. Qg3 Qf6 29. Bd4 Qd6 30. Re6 Qxf4 31. Qxg6+ 1-0

[Event "C.to Provinciale PD"]
[Site "Padova ITA"]
[Date "1998.??.??"]
[Round "6"]
[White "Carraro, Antonio"]
[Black "Quaranta, Gaetano"]
[Result "1/2-1/2"]
[WhiteElo "1543"]
[BlackElo "1522"]
[PlyCount "65"]
[EventDate "1998.??.??"]

1. e4 e5 2. Nf3 Nc6 3. Bb5 a6 4. Ba4 Nf6 5. O-O Nxe4 6. Re1 Nc5 7. Bxc6 bxc6 8.
Nxe5 Be7 9. d4 Ne6 10. c3 O-O 11. Nd2 Bb7 12. Ndf3 d6 13. Nd3 Re8 14. Nf4 Nxf4
15. Bxf4 Rb8 16. b3 Bf6 17. Qd2 Rxe1+ 18. Rxe1 c5 19. d5 Bc8 20. Bg5 Bg4 21.
Bxf6 Qxf6 22. Qd3 Bxf3 23. Qxf3 Qxf3 24. gxf3 Kf8 25. f4 Re8 26. Rxe8+ Kxe8 27.
Kg2 Ke7 28. Kf3 Kf6 29. Ke4 g6 30. h3 g5 31. fxg5+ Kxg5 32. Kf3 Kf5 33. c4
1/2-1/2

[Event "C.to Provinciale PD"]
[Site "Padova ITA"]
[Date "1998.??.??"]
[Round "6"]
[White "Flora, Vincenzo"]
[Black "Tresin, Ardilio"]
[Result "0-1"]
[WhiteElo "1500"]
[BlackElo "1500"]
[PlyCount "79"]
[EventDate "1998.??.??"]

1. e4 c5 2. Nc3 Nc6 3. g3 d6 4. Bg2 Nf6 5. Nge2 g6 6. O-O Bg7 7. d3 O-O 8. f4
e6 9. Be3 Nh5 10. Bd2 a6 11. h3 Nf6 12. g4 h6 13. Qc1 Nh7 14. f5 g5 15. Ng3 f6
16. Nh5 Nd4 17. h4 e5 18. Rf2 Bd7 19. Nd5 Bc6 20. hxg5 fxg5 21. a4 Bxd5 22.
exd5 Nf6 23. Nxf6+ Bxf6 24. Ra3 b5 25. b4 bxa4 26. bxc5 Nb5 27. Rxa4 e4 28. c6
Bd4 29. Be3 Bxe3 30. Qxe3 Nc3 31. Ra1 Nxd5 32. Qxe4 Nf4 33. Rxf4 gxf4 34. Qe6+
Rf7 35. Qg6+ Rg7 36. Bd5+ Kh8 37. Qxh6+ Rh7 38. Qxf4 Qb6+ 39. Kg2 Qb2 40. Be4 {
...} 0-1

[Event "C.to Provinciale PD"]
[Site "Padova ITA"]
[Date "1998.??.??"]
[Round "6"]
[White "Marcuzzo, Giorgio"]
[Black "Tessari, Gianni"]
[Result "1/2-1/2"]
[WhiteElo "1531"]
[BlackElo "1400"]
[PlyCount "54"]
[EventDate "1998.??.??"]

1. e4 e5 2. Nf3 Nc6 3. Bc4 Bc5 4. c3 d6 5. d4 exd4 6. cxd4 Bb4+ 7. Nc3 Bxc3+ 8.
bxc3 Bg4 9. Bxf7+ Kf8 10. h3 Bxf3 11. Qxf3 Qf6 12. Qxf6 Nxf6 13. Bd5 Nxd5 14.
exd5 Re8+ 15. Be3 Ne7 16. c4 Nf5 17. Kd2 Nxe3 18. fxe3 Ke7 19. c5 Rhf8 20. Rhf1
Rxf1 21. Rxf1 Rf8 22. Rf3 Rxf3 23. gxf3 Kf6 24. Ke2 Kf5 25. h4 h5 26. a4 g6 27.
Kf2 b6 1/2-1/2

[Event "C.to Provinciale PD"]
[Site "Padova ITA"]
[Date "1998.??.??"]
[Round "6"]
[White "Musiani, Carlo"]
[Black "Molena, Paolo"]
[Result "0-1"]
[WhiteElo "1300"]
[BlackElo "1507"]
[PlyCount "92"]
[EventDate "1998.??.??"]

1. e4 a6 2. Bc4 e6 3. Nc3 b5 4. Bb3 Bb7 5. d4 b4 6. Nce2 Bxe4 7. f3 Bb7 8. Bf4
Nf6 9. Nh3 Be7 10. Ng3 c5 11. O-O O-O 12. Kh1 d5 13. dxc5 Bxc5 14. Qd3 Nbd7 15.
Rae1 Bc6 16. Bg5 Bb5 17. c4 bxc3 18. Qxc3 Rc8 19. Ne2 Bf2 20. Qd2 Bxe1 21. Rxe1
Qb6 22. Nef4 Qd6 23. Qf2 Qc7 24. Qg3 Bc4 25. Bh6 Nh5 26. Qg5 Qd8 27. Nxh5 Qxg5
28. Bxg5 Bxb3 29. axb3 h6 30. Bd2 Rc2 31. Bc3 Rb8 32. b4 Nb6 33. Nxg7 Nc4 34.
Rb1 Kh7 35. Nf4 e5 36. Nfh5 Kg6 37. Rd1 d4 38. Bxd4 exd4 39. h3 Rd8 40. Re1 d3
41. Re4 d2 42. Rg4+ Kh7 43. Nf6+ Kh8 44. Ngh5 d1=Q+ 45. Kh2 Qd6+ 46. Kh1 Qd1+
0-1

[Event "C.to Provinciale PD"]
[Site "Padova ITA"]
[Date "1998.??.??"]
[Round "6"]
[White "Navarro, Tommaso"]
[Black "Pilotto, Alessandro"]
[Result "0-1"]
[WhiteElo "1300"]
[BlackElo "1500"]
[PlyCount "104"]
[EventDate "1998.??.??"]

1. e4 e5 2. Nf3 d6 3. Bc4 Be7 4. c3 Nc6 5. d4 exd4 6. cxd4 Na5 7. Qc2 Nxc4 8.
Qxc4 Be6 9. d5 Bd7 10. e5 a6 11. Nc3 b5 12. Qb3 Bg4 13. exd6 Qxd6 14. Ne4 Qb4+
15. Qxb4 Bxb4+ 16. Nfd2 Ne7 17. h3 Bf5 18. O-O O-O 19. a3 Ba5 20. d6 Bxd2 21.
dxe7 Rfe8 22. Nxd2 Rxe7 23. Nf3 Rae8 24. Bg5 f6 25. Bf4 c5 26. Bd6 Re2 27. Rfe1
c4 28. Rxe2 Rxe2 29. Nd4 Rxb2 30. Nxf5 h6 31. Re1 Kh7 32. h4 Kg6 33. Ne7+ Kh7
34. h5 c3 35. Ng6 Kg8 36. Re8+ Kf7 37. Rf8+ Ke6 38. Nf4+ Kxd6 39. Re8 Rb1+ 40.
Kh2 c2 41. Re6+ Kd7 42. Rxa6 c1=Q 43. Ra7+ Kc6 44. Ra6+ Kb7 45. Nd3 Qc7+ 46. g3
Kxa6 47. Nb4+ Rxb4 48. axb4 Qc4 49. f4 Qxb4 50. g4 Qxf4+ 51. Kh3 b4 52. Kh4
Qh2# 0-1

[Event "C.to Provinciale PD"]
[Site "Padova ITA"]
[Date "1998.??.??"]
[Round "6"]
[White "Palmieri, Vincenzo"]
[Black "Aguggiaro, Renzo"]
[Result "1-0"]
[WhiteElo "1300"]
[BlackElo "1516"]
[PlyCount "72"]
[EventDate "1998.??.??"]

1. e4 c5 2. Nc3 Nc6 3. f4 d6 4. Nf3 Bg4 5. Bb5 e6 6. O-O Nge7 7. d3 a6 8. Ba4
b5 9. Bb3 Nd4 10. f5 Bxf3 11. gxf3 Nxb3 12. axb3 b4 13. fxe6 bxc3 14. exf7+
Kxf7 15. bxc3 g6 16. f4 Bg7 17. d4 Rf8 18. e5 Kg8 19. Qd3 dxe5 20. Qc4+ Qd5 21.
fxe5 cxd4 22. cxd4 Kh8 23. Rxf8+ Rxf8 24. Qxd5 Nxd5 25. c4 Nb4 26. Ba3 Nc2 27.
Bxf8 Nxa1 28. Bxg7+ Kxg7 29. b4 Nc2 30. d5 Nxb4 31. e6 Kf6 32. Kf2 a5 33. Ke3
a4 34. Kd4 a3 35. Kc5 Na6+ 36. Kd6 36... a2 {...} 1-0

[Event "C.to Provinciale PD"]
[Site "Padova ITA"]
[Date "1998.??.??"]
[Round "6"]
[White "Porcelli, Domenico"]
[Black "Spinoso, Giovanni"]
[Result "1-0"]
[WhiteElo "1400"]
[BlackElo "1400"]
[PlyCount "87"]
[EventDate "1998.??.??"]

1. d4 d6 2. Bf4 g6 3. Nf3 Bg4 4. Nc3 Bg7 5. Qd3 a6 6. e4 Bxf3 7. gxf3 Nd7 8.
Be2 c5 9. Be3 Rc8 10. b3 b5 11. Qd2 Qc7 12. Nd5 Qd8 13. c3 Nb6 14. Nxb6 Qxb6
15. d5 Qb7 16. O-O Qd7 17. Rac1 f5 18. Kh1 fxe4 19. fxe4 Qh3 20. Rg1 Nf6 21. f3
O-O 22. Rg3 Qd7 23. a3 Qb7 24. Bh6 Nxe4 25. fxe4 Rf2 26. Bxg7 Kxg7 27. Rf1 Rf6
28. Rh3 h5 29. Rg1 Qd7 30. Rxh5 Rh8 31. Rxh8 Kxh8 32. Qh6+ Kg8 33. Rxg6+ Rxg6
34. Qxg6+ Kh8 35. Bg4 Qd8 36. Bf5 Qg8 37. b4 Qxg6 38. Bxg6 Kg7 39. Bf5 Kf6 40.
Bc8 Ke5 41. Bxa6 Kxe4 42. c4 bxc4 43. Bxc4 Kd4 44. h4 1-0

[Event "C.to Provinciale PD"]
[Site "Padova ITA"]
[Date "1998.??.??"]
[Round "6"]
[White "Salata, Alessio"]
[Black "Quaranta, Cristiano"]
[Result "1-0"]
[WhiteElo "1567"]
[BlackElo "1500"]
[PlyCount "61"]
[EventDate "1998.??.??"]

1. f4 d5 2. d4 Nf6 3. e3 Bf5 4. Nf3 Nc6 5. a3 e6 6. Nc3 Be7 7. Bd3 Bxd3 8. Qxd3
O-O 9. Bd2 a6 10. Ne5 Nxe5 11. fxe5 Nd7 12. O-O-O c5 13. h4 h6 14. g4 Bxh4 15.
Rdg1 Bg5 16. e4 Bxd2+ 17. Qxd2 cxd4 18. Qxd4 Qg5+ 19. Kb1 Nxe5 20. Rh5 Nf3 21.
Qd1 Qe3 22. Rgh1 Nd2+ 23. Ka1 Nxe4 24. Nxe4 Qxe4 25. g5 Rfe8 26. gxh6 gxh6 27.
Rxh6 Kf8 28. Rf1 Rac8 29. Qh5 Rc7 30. Rh8+ Kg7 31. Qh6# 1-0

[Event "C.to Provinciale PD"]
[Site "Padova ITA"]
[Date "1998.??.??"]
[Round "6"]
[White "Sanavio, Giancarlo"]
[Black "Bonetto, Giorgio"]
[Result "1/2-1/2"]
[WhiteElo "1600"]
[BlackElo "1546"]
[PlyCount "20"]
[EventDate "1998.??.??"]

1. Nf3 e6 2. c4 d5 3. Nc3 c6 4. e3 Nf6 5. Be2 Bd6 6. b3 Nbd7 7. cxd5 exd5 8.
Bb2 Qc7 9. Rc1 b6 10. Nd4 Nc5 1/2-1/2

[Event "C.to Provinciale PD"]
[Site "Padova ITA"]
[Date "1998.??.??"]
[Round "6"]
[White "Santi, Lorenzo"]
[Black "Scarpa, Luca"]
[Result "1-0"]
[WhiteElo "1600"]
[BlackElo "1400"]
[PlyCount "83"]
[EventDate "1998.??.??"]

1. e4 e6 2. Nf3 d5 3. e5 c6 4. d4 b6 5. Bg5 Be7 6. Qd2 Ba6 7. Nc3 Bxf1 8. Rxf1
Qd7 9. Bxe7 Nxe7 10. Ng5 Ng6 11. f4 Na6 12. O-O-O b5 13. g4 b4 14. Na4 Rb8 15.
b3 Qe7 16. f5 Nf8 17. fxe6 h6 18. Nxf7 Rg8 19. Qd3 Rb5 20. Nd6+ Kd8 21. Nxb5
cxb5 22. Qxb5 Qxe6 23. Nc5 Nxc5 24. Qxc5 Nd7 25. Qxa7 Ke7 26. Rf5 Qc6 27. e6
Kxe6 28. Qa4 Qc3 29. Qa6+ Ke7 30. Kb1 Rc8 31. Qe2+ Kd8 32. Rxd5 Qc6 33. Rf5 Ra8
34. Qb5 Qe4 35. Qd5 Qe2 36. Qxa8+ Ke7 37. Qf3 Qxh2 38. Re1+ Kd8 39. Qa8+ Kc7
40. Qa5+ Kc8 41. Re8+ Kb7 42. Rb5+ 1-0

[Event "C.to Provinciale PD"]
[Site "Padova ITA"]
[Date "1998.??.??"]
[Round "6"]
[White "Sinato, Fabrizio"]
[Black "Marigo, Narciso"]
[Result "0-1"]
[WhiteElo "1719"]
[BlackElo "1603"]
[PlyCount "77"]
[EventDate "1998.??.??"]

1. e4 Nc6 2. Nf3 d6 3. h3 Nf6 4. Nc3 e5 5. Bc4 Be7 6. d3 Bd7 7. O-O O-O 8. Be3
Na5 9. Bb3 Nxb3 10. axb3 a6 11. Qe2 h6 12. Nd2 g5 13. Nd5 Nxd5 14. exd5 f5 15.
Nc4 f4 16. Bd2 f3 17. Qe4 Qe8 18. g4 b5 19. Na5 h5 20. Nc6 Bxc6 21. dxc6 Qf7
22. Ra5 Kg7 23. Re1 hxg4 24. Qxg4 Rh8 25. Re3 Raf8 26. Kf1 Rh4 27. Qg3 Qh5 28.
Rxe5 dxe5 29. Qxe5+ Bf6 30. Qxc7+ Rf7 31. Qxf7+ Qxf7 32. Be3 Rxh3 33. Ke1 Qe7
34. c3 Qd6 35. Kd2 Qxc6 36. c4 bxc4 37. bxc4 Qb7 38. d4 Qb4+ 39. Kd3 0-1

[Event "C.to Provinciale PD"]
[Site "Padova ITA"]
[Date "1998.??.??"]
[Round "6"]
[White "Zotti, Enrico"]
[Black "Luisetto, Alessandro"]
[Result "0-1"]
[WhiteElo "1719"]
[BlackElo "1789"]
[PlyCount "94"]
[EventDate "1998.??.??"]

1. e4 c6 2. d4 d5 3. Nc3 dxe4 4. Nxe4 Nd7 5. Nf3 Ngf6 6. Ng3 Qc7 7. Bd3 e6 8.
O-O Bd6 9. Re1 O-O 10. c3 c5 11. Bc2 b6 12. dxc5 bxc5 13. Ne4 Nxe4 14. Rxe4 Bb7
15. Rh4 Nf6 16. Bg5 Rfd8 17. Qe2 Be7 18. Bxf6 Bxf6 19. Bxh7+ Kf8 20. Rg4 g6 21.
Ng5 Bxg5 22. Rxg5 Rd5 23. Rxd5 Bxd5 24. c4 Bb7 25. Bxg6 fxg6 26. Qxe6 Qc6 27.
Qxc6 Bxc6 28. Rd1 Ke7 29. f3 Rf8 30. Kf2 Rf4 31. b3 a5 32. Rd3 a4 33. g3 Rd4
34. Rxd4 cxd4 35. Ke2 Kd6 36. Kd3 Kc5 37. f4 Bd7 38. b4+ Kxb4 39. Kxd4 Ka3 40.
c5 Kxa2 41. Kd5 Kb2 42. Ke5 a3 43. Kf6 Bf5 44. h4 a2 45. h5 a1=Q 46. hxg6 Be4
47. g7 47... Qa6+ {...} 0-1

[Event "XXX C.to Italiano a squadre A1 Sud"]
[Site "ITA"]
[Date "1998.03.22"]
[Round "3"]
[White "Martorelli, Antonio"]
[Black "Efimov, Igor"]
[Result "1-0"]
[WhiteElo "2405"]
[BlackElo "2525"]
[PlyCount "79"]
[EventDate "1998.02.22"]

1. e4 c5 2. Nc3 e6 3. Nf3 a6 4. g3 b5 5. Bg2 Bb7 6. d4 Nf6 7. Bg5 b4 8. Nd5 h6
9. Bxf6 gxf6 10. O-O exd5 11. exd5 Qb6 12. Re1+ Kd8 13. Nd2 cxd4 14. Nc4 Qc5
15. Qf3 Qxc4 16. Qxf6+ Kc7 17. Qxh8 Bc5 18. Qxh6 a5 19. Rad1 Na6 20. Qf4+ Bd6
21. Qxf7 Rf8 22. Qg7 Kb8 23. Qxd7 Qc5 24. Re6 Bc7 25. d6 Qxc2 26. Rf1 Bxg2 27.
Kxg2 Bd8 28. Qb5+ Ka7 29. d7 Nb8 30. Qd5 d3 31. Re8 Qc7 32. Qd4+ Kb7 33. Rxf8
Nxd7 34. Rf7 Qc6+ 35. Kg1 Kc8 36. Rxd7 Qxd7 37. Qxd7+ Kxd7 38. Rd1 Bf6 39.
Rxd3+ Ke6 40. b3 1-0

[Event "XXX C.to Italiano a squadre A1 Sud"]
[Site "ITA"]
[Date "1998.04.19"]
[Round "5"]
[White "Mariotti, Sergio"]
[Black "Corvi, Marco"]
[Result "1/2-1/2"]
[WhiteElo "2380"]
[BlackElo "2320"]
[PlyCount "29"]
[EventDate "1998.02.22"]

1. d4 f5 2. h4 Nf6 3. Nh3 c5 4. d5 b5 5. Bg5 Qa5+ 6. c3 Qb6 7. Bxf6 exf6 8. Nf4
Bd6 9. e3 g6 10. g3 Bb7 11. Bg2 Na6 12. Nd2 c4 13. b3 cxb3 14. axb3 Rc8 15. Ne2
1/2-1/2

[Event "III Weekend B"]
[Site "Gorgonzola ITA"]
[Date "1998.11.14"]
[Round "1"]
[White "Drabke, Lorenz Maximilian"]
[Black "Saccani, Ettore"]
[Result "0-1"]
[WhiteElo "1906"]
[BlackElo "1702"]
[PlyCount "56"]
[EventDate "1998.11.14"]

1. e4 c5 2. c3 d6 3. d4 Nf6 4. dxc5 Nc6 5. Bd3 d5 6. exd5 Qxd5 7. Nf3 e5 8. c4
Qd8 9. Nc3 Bxc5 10. O-O O-O 11. Bg5 Be7 12. Qc2 Nb4 13. Bxh7+ Nxh7 14. Bxe7
Nxc2 15. Bxd8 Nxa1 16. Be7 Re8 17. Nd5 Nc2 18. Nxe5 Be6 19. Nc7 Rxe7 20. Nxa8
Kf8 21. Rd1 Nb4 22. a3 Na6 23. b4 Re8 24. b5 Rxa8 25. bxa6 b6 26. Rd4 Rc8 27.
f4 f6 28. Nd7+ Ke7 0-1

[Event "III Weekend B"]
[Site "Gorgonzola ITA"]
[Date "1998.11.15"]
[Round "2"]
[White "Duarte, Riccardo"]
[Black "Saccani, Ettore"]
[Result "1-0"]
[WhiteElo "1717"]
[BlackElo "1702"]
[PlyCount "65"]
[EventDate "1998.11.14"]

1. e4 e6 2. d4 d5 3. exd5 exd5 4. Bd3 Nf6 5. Ne2 Bd6 6. Bg5 Be6 7. Nbc3 c6 8.
Nf4 Qe7 9. O-O h6 10. Nxe6 fxe6 11. Bg6+ Kd8 12. Bh4 Nbd7 13. Re1 Nf8 14. Qd3
Kd7 15. a3 h5 16. Bf5 Qf7 17. Bh3 Bxh2+ 18. Kxh2 Ng4+ 19. Kg1 Ng6 20. Bg3 Raf8
21. Qe2 Nf4 22. Bxf4 Qxf4 23. Qxe6+ Kc7 24. Nd1 Qh2+ 25. Kf1 Qf4 26. Bxg4 hxg4
27. Qe5+ Kb6 28. Qxf4 Rxf4 29. c3 g3 30. f3 Rh1+ 31. Ke2 Rh2 32. Ne3 Rf7 33.
Rh1 1-0

[Event "III Weekend B"]
[Site "Gorgonzola ITA"]
[Date "1998.11.??"]
[Round "3"]
[White "Olivo, Mario"]
[Black "Saccani, Ettore"]
[Result "1-0"]
[WhiteElo "1720"]
[BlackElo "1702"]
[PlyCount "67"]
[EventDate "1998.11.14"]

1. d4 e6 2. c4 Nf6 3. Nc3 d5 4. Bg5 Be7 5. e3 O-O 6. Nf3 Nbd7 7. Rc1 c6 8. a3
a6 9. Bd3 dxc4 10. Bxc4 Nd5 11. Bxe7 Qxe7 12. Nxd5 exd5 13. Ba2 Nf6 14. Ne5 Bf5
15. O-O Ne4 16. Bb1 Qg5 17. f4 Qe7 18. g4 f6 19. Nxc6 bxc6 20. gxf5 Qd7 21.
Bxe4 dxe4 22. Qb3+ Kh8 23. Qe6 Qb7 24. b4 Rac8 25. Qxe4 Rfe8 26. Qd3 Rc7 27.
Rfe1 Qc8 28. Rc5 Rce7 29. e4 Qd7 30. e5 fxe5 31. fxe5 Rf8 32. Rf1 h6 33. Qe4
Rf6 34. e6 1-0

[Event "XLIII C.to Torinese Assoluto"]
[Site "Torino ITA"]
[Date "1998.??.??"]
[Round "?"]
[White "Cordara, Michele"]
[Black "Lampic, Teo"]
[WhiteElo "2195"]
[BlackElo "2295"]
[Result "1/2-1/2"]
[PlyCount "105"]
[EventDate "1998.??.??"]

1. c4 g6 2. Nf3 c5 3. d4 Bg7 4. e4 cxd4 5. Nxd4 Qb6 6. Nc2 Bxb2 7. Bxb2 Qxb2 8.
Qd2 Nc6 9. Nba3 Qe5 10. Bd3 Qa5 11. Qxa5 Nxa5 12. Nb5 Kd8 13. O-O a6 14. Nc3 d6
15. f4 Be6 16. Nd5 Bxd5 17. exd5 Rc8 18. Ne3 Nf6 19. Rab1 Rc5 20. g4 Nd7 21.
Rb4 Kc7 22. Re1 e6 23. g5 Rf8 24. h4 Kb8 25. h5 e5 26. Ng4 gxh5 27. fxe5 hxg4
28. exd6 Rcc8 29. Re7 Nc5 30. Bf5 Nc6 31. dxc6 Rxc6 32. d7 Rd8 33. Rxf7 Ne6 34.
Rf6 Nd4 35. Bxg4 Rg8 36. c5 Rxf6 37. gxf6 Rxg4+ 38. Kf1 Kc7 39. Rxb7+ Kd8 40.
Rb4 Kxd7 41. Rb7+ Kc6 42. Rb6+ Kxc5 43. Rxa6 Nc6 44. Kf2 Kd5 45. Rb6 Ne5 46.
Rb7 h6 47. f7 Rf4+ 48. Kg3 Rxf7 49. Rb6 Nc6 50. a4 Ra7 51. Kg4 Nd4 52. Kh5 Nf5
53. Kg6 1/2-1/2

[Event "XLIII C.to Torinese Assoluto"]
[Site "Torino ITA"]
[Date "1998.??.??"]
[Round "?"]
[White "Lampic, Teo"]
[Black "Sarno, Spartaco"]
[WhiteElo "2295"]
[BlackElo "2375"]
[Result "1-0"]
[PlyCount "81"]
[EventDate "1998.??.??"]

1. e4 d6 2. d4 Nf6 3. f3 g6 4. Be3 Bg7 5. c3 O-O 6. g3 Nbd7 7. Nh3 e5 8. d5 Nh5
9. g4 Nf4 10. Nxf4 exf4 11. Bf2 f5 12. gxf5 gxf5 13. Nd2 Ne5 14. Rg1 Kh8 15.
Nc4 Qe7 16. Nxe5 Bxe5 17. Bd3 c6 18. Qe2 cxd5 19. exd5 Qf7 20. O-O-O Bd7 21.
Bb5 a6 22. Bxd7 Qxd7 23. Bd4 Rae8 24. Qd3 Qf7 25. Bf2 b5 26. Rg5 Rb8 27. Rdg1
h6 28. Rg6 Kh7 29. h4 Qxg6 30. Rxg6 Kxg6 31. Bd4 Rfd8 32. Bxe5 dxe5 33. d6 Rb6
34. d7 Rb7 35. Qd6+ Kg7 36. Qxe5+ Kf7 37. Qxf5+ Kg7 38. h5 Rdxd7 39. Qg6+ Kf8
40. Qxh6+ Rg7 41. Qxa6 1-0

[Event "XLIII C.to Torinese Assoluto"]
[Site "Torino ITA"]
[Date "1998.??.??"]
[Round "?"]
[White "Lampic, Teo"]
[Black "Sarno, Spartaco"]
[WhiteElo "2295"]
[BlackElo "2375"]
[Result "1-0"]
[PlyCount "87"]
[EventDate "1998.??.??"]

1. e4 d6 2. d4 Nf6 3. f3 g6 4. Be3 Bg7 5. g3 O-O 6. Qd2 e5 7. dxe5 dxe5 8. Na3
Qxd2+ 9. Bxd2 Nc6 10. O-O-O Rd8 11. Bc4 Bf8 12. Ne2 Bxa3 13. bxa3 Be6 14. Bxe6
fxe6 15. Bc3 Kf7 16. h4 Ke7 17. Bd2 Kf7 18. g4 Kg7 19. Bc3 Rxd1+ 20. Rxd1 Rf8
21. Rd3 Rf7 22. Be1 Nd7 23. Bf2 Kf8 24. Rb3 Na5 25. Rc3 Nc6 26. Kd2 Nb6 27. Ke1
Ke8 28. Bg1 Na4 29. Rb3 Nb6 30. Kf1 Rd7 31. Ke1 Rf7 32. Nc1 Na5 33. Rb5 Nc6 34.
Ke2 a6 35. Rb1 Nd4+ 36. Bxd4 exd4 37. Nd3 Nc4 38. Rxb7 Nxa3 39. Ne5 Rg7 40. Kd3
Kd8 41. Ra7 Nb5 42. Rxa6 Nd6 43. Ra8+ Ke7 44. g5 1-0